| 000 | 00870nam a22002897a 4500 | ||
|---|---|---|---|
| 003 | OSt | ||
| 005 | 20211029032144.0 | ||
| 008 | 170209b xxu||||| |||| 00| 0 eng d | ||
| 010 | _a 2005021548 | ||
| 016 | 7 |
_a101253582 _2DNLM |
|
| 020 | _a078176100X (alk. paper) | ||
| 040 |
_aMMU _cMMU _dMMU _beng. |
||
| 050 | 0 | 0 |
_aRT41 _b.H66 2006 |
| 100 | 1 | _aHood, Lucy J. | |
| 245 | 1 | 0 |
_aLeddy & Pepper's conceptual bases of professional nursing / _cLucy Jane Hood, Susan Kun Leddy. |
| 250 | _a6th ed. | ||
| 260 |
_aPhiladelphia : _bLippincott Williams & Wilkins, _cc2006. |
||
| 300 |
_axviii, 668 p. : _c24 cm. |
||
| 500 | _aIncludes bibliographical references. | ||
| 650 | 0 | _aNursing. | |
| 650 | 0 |
_aNursing _xPhilosophy. |
|
| 650 | 1 | 2 | _aNursing Theory. |
| 650 | 2 | 2 |
_aNursing _xtrends. |
| 700 | 1 | _aLeddy, Susan. | |
| 700 | 1 | _aPepper, J. Mae. | |
| 942 |
_2lcc _cLOAN LOAN |
||
| 999 |
_c22366 _d22366 |
||